Problems in soil mechanics and foundation engineering (Record no. 6131)
[ view plain ]
| 000 -LEADER | |
|---|---|
| fixed length control field | 00404nam a2200157Ia 4500 |
| 008 - FIXED-LENGTH DATA ELEMENTS--GENERAL INFORMATION | |
| fixed length control field | 230711s9999||||xx |||||||||||||| ||und|| |
| 041 ## - LANGUAGE CODE | |
| Language code of text/sound track or separate title | ENG |
| 082 ## - DEWEY DECIMAL CLASSIFICATION NUMBER | |
| Classification number | 624.15136 |
| Item number | VE-P |
| 100 ## - MAIN ENTRY--PERSONAL NAME | |
| Personal name | Verma,B.P |
| 245 #0 - TITLE STATEMENT | |
| Title | Problems in soil mechanics and foundation engineering |
| 250 ## - EDITION STATEMENT | |
| Edition statement | 1st Ed. |
| 260 ## - PUBLICATION, DISTRIBUTION, ETC. | |
| Date of publication, distribution, etc. | 2010 |
| Place of publication, distribution, etc. | New Delhi |
| Name of publisher, distributor, etc. | Khanna Publishers |
| 300 ## - PHYSICAL DESCRIPTION | |
| Extent | 453p. |
| 650 ## - SUBJECT ADDED ENTRY--TOPICAL TERM | |
| Topical term or geographic name entry element | Civil Engineering |
| 942 ## - ADDED ENTRY ELEMENTS (KOHA) | |
| Koha item type | Book |
| Withdrawn status | Lost status | Damaged status | Not for loan | Collection | Home library | Current library | Date acquired | Cost, normal purchase price | Inventory number | Total checkouts | Full call number | Barcode | Date last seen | Price effective from | Koha item type |
|---|---|---|---|---|---|---|---|---|---|---|---|---|---|---|---|
| MRSPTU Central Library | MRSPTU Central Library | 249.00 | KBD/2016-2017/960342808 | 624.15136 VE-P | 34016 | 08/17/2023 | 08/17/2023 | Book | |||||||
| MRSPTU Central Library | MRSPTU Central Library | 249.00 | KBD/2016-2017/960342808 | 624.15136 VE-P | 34017 | 08/17/2023 | 08/17/2023 | Book | |||||||
| MRSPTU Central Library | MRSPTU Central Library | 249.00 | KBD/2016-2017/960342808 | 624.15136 VE-P | 34018 | 08/17/2023 | 08/17/2023 | Book | |||||||
| MRSPTU Central Library | MRSPTU Central Library | 249.00 | KBD/2016-2017/960342808 | 624.15136 VE-P | 34019 | 08/17/2023 | 08/17/2023 | Book | |||||||
| MRSPTU Central Library | MRSPTU Central Library | 249.00 | KBD/2016-2017/960342808 | 624.15136 VE-P | 34020 | 08/17/2023 | 08/17/2023 | Book | |||||||
| MRSPTU Central Library | MRSPTU Central Library | 249.00 | KBD/2016-2017/960342808 | 624.15136 VE-P | 34021 | 08/17/2023 | 08/17/2023 | Book | |||||||
| MRSPTU Central Library | MRSPTU Central Library | 249.00 | KBD/2016-2017/960342808 | 624.15136 VE-P | 34022 | 08/17/2023 | 08/17/2023 | Book | |||||||
| MRSPTU Central Library | MRSPTU Central Library | 249.00 | KBD/2016-2017/960342808 | 624.15136 VE-P | 34023 | 08/17/2023 | 08/17/2023 | Book | |||||||
| MRSPTU Central Library | MRSPTU Central Library | 249.00 | KBD/2016-2017/960342808 | 624.15136 VE-P | 34024 | 08/17/2023 | 08/17/2023 | Book | |||||||
| MRSPTU Central Library | MRSPTU Central Library | 249.00 | KBD/2016-2017/960342808 | 624.15136 VE-P | 34025 | 08/17/2023 | 08/17/2023 | Book |
